| 000 | 00714cam a22002054a 4500 | ||
|---|---|---|---|
| 020 | _a1559639881 (cloth : alk. paper) | ||
| 020 | _a155963989X (pbk. : alk. paper) | ||
| 040 | _cDLC | ||
| 082 | 0 | 0 | _a333 ISL 2003 A018 Or. |
| 245 | 0 | 4 |
_aThe Atlantic Forest of South America : _bbiodiversity status, threats, and outlook / |
| 260 |
_aWashington : _bIsland Press, _cc2003. |
||
| 300 |
_axviii, 488 p. : _bill., maps ; _c27 cm. |
||
| 650 | 0 | _aForest biodiversity conservation | |
| 650 | 0 | _aForest management | |
| 650 | 0 | _aForests and forestry | |
| 700 | 1 | _aGalindo Leal, Carlos. | |
| 700 | 1 | _aCâmara, Ibsen de Gusmão. | |
| 856 | 4 | 2 | _uhttp://www.loc.gov/catdir/enhancements/fy0631/2003001903-d.html |
| 942 | _cEK | ||
| 999 |
_c12042 _d12042 |
||